Nanomaterials - Toxicity, Health and Environmental Issues
Salvato in:
| Altri autori: | |
|---|---|
| Natura: | Libro |
| Lingua: | inglese |
| Pubblicazione: |
Weinheim :
Wiley-VCH,
2006
|
| Edizione: | 1st Ed |
| Serie: | Nanotechnologies for the Life Sciences
Vol. 5 |
| Soggetti: | |
| Tags: |
Nessun Tag, puoi essere il primo ad aggiungerne!!
|
MARC
| LEADER | 00000nam a22000003a 4500 | ||
|---|---|---|---|
| 001 | stu202053 | ||
| 005 | 20190206124124.5 | ||
| 008 | 100408s2006----gw------------------eng-d | ||
| 020 | |a 978-3-527-31385-3 | ||
| 040 | |a STU |b slo | ||
| 041 | 0 | |a eng | |
| 044 | |a gw | ||
| 080 | |a 620 | ||
| 080 | |a 504 | ||
| 100 | 1 | |a Kumar, Challa S.S.R. |4 edt | |
| 245 | 1 | |a Nanomaterials - Toxicity, Health and Environmental Issues | |
| 250 | |a 1st Ed | ||
| 260 | |a Weinheim : |b Wiley-VCH, |c 2006 | ||
| 300 | |a 333 s | ||
| 650 | 7 | |a nanomateriály |2 stusub | |
| 650 | 7 | |a environmentálne problémy |2 stusub | |
| 650 | 7 | |a environmentálne aspekty |2 stusub | |
| 830 | 0 | |a Nanotechnologies for the Life Sciences |v Vol. 5 | |
| 996 | |b 284M078078 |c M*12715-1 |l MMKN |s A |a 24 |w stu202053_0001 | ||